Представление документа в формате MARC21

Поле Инд. ПП Название Значение
Тип записи a
Библиографический уровень b
001 Контрольный номер RU/IS/BASE/103643859
005 Дата корректировки 20220429105403.4
084 a Индекс другой классификации/Индекс ББК 65.9(2Рос)-551
a Индекс другой классификации/Индекс ББК 67.404.3(2Рос)
100 1_ a Автор Черепанова Л.
q Полное имя Черепанова Людмила
245 a Заглавие Коммерциализация интеллектуальной деятельности
500 a Примечание Начало. Продолжение в № 2, 2003
a Примечание Схема: Законодательные основы интеллектуальной собственности в России
504 a Библиография Библиогр. сноски
520 a Аннотация Анализ действующей в Российской Федерации системы механизмов интенсификации инновационной деятельности, венчурного финансирования наукоемких проектов в контексте развития малых научных предприятий
650 a Основная рубрика гражданское право
a Основная рубрика охрана интеллектуальной собственности
a Основная рубрика право
a Основная рубрика экономика
653 a Ключевые слова авторское право
a Ключевые слова венчурное финансирование
a Ключевые слова инновационная деятельность
a Ключевые слова интеллектуальная деятельность
a Ключевые слова интеллектуальная собственность
a Ключевые слова коммерциализация деятельности
a Ключевые слова малые научные предприятия
a Ключевые слова наукоемкие проекты
a Ключевые слова научные предприятия
a Ключевые слова национальная инновационная система
a Ключевые слова право собственности
a Ключевые слова Россия
a Ключевые слова собственность
a Ключевые слова США
773 t Заглавие источника РИСК: ресурсы, информация, снабжение, конкуренция
d Дата издания источника 2003
g Прочая информация № 1. - С. 13 - 20 : схем.
w Контрольный № источника RU/IS/BASE/102175616
901 t Тип документа b